000 00312nam a22001457a 4500
008 210308b ||||| |||| 00| 0 eng d
020 _a0713135212
041 _aeng
080 _a510
082 _a510
100 _a36
101 _aMAT
245 _aBasic Numerical Methods
_cScraton,E.R
942 _2udc
_cBK
999 _c55981
_d55981